书目信息 |
| 题名: |
父母会刮痧,孩子不生病
|
|
| 作者: | 张威 编著 | |
| 分册: | ||
| 出版信息: | 天津 天津科学技术出版社 2013 |
|
| 页数: | 237页 | |
| 开本: | 25cm | |
| 丛书名: | ||
| 单 册: | ||
| 中图分类: | R244.4-64 , R244.4 | |
| 科图分类: | ||
| 主题词: | 小儿疾病--刮搓疗法--图解 , 小儿疾病 , 刮搓疗法 | |
| 电子资源: | ||
| ISBN: | 978-7-5308-8292-4 | |
| 000 | 00956nam0 2200277 450 | |
| 001 | 2271725662 | |
| 005 | 20220920195559.50 | |
| 010 | @a978-7-5308-8292-4@dCNY45.00 | |
| 090 | @aR244.4@bzw | |
| 100 | @a20140429d2013 em y0chiy50 ea | |
| 101 | 0 | @achi |
| 102 | @aCN@b120000 | |
| 105 | @aa z 000yy | |
| 200 | 1 | @a父母会刮痧,孩子不生病@9fu mu hui gua sha , hai zi bu sheng bing@f张威编著 |
| 210 | @a天津@c天津科学技术出版社@d2013 | |
| 215 | @a237页@d25cm | |
| 300 | @a图说家庭健康自助系列 | |
| 330 | @a本书针对现代儿童的体质,为家长们介绍了儿童刮痧的基础知识和各种常见病的具体操作方法。这些病症涉及呼吸系统、血液循环系统、消化系统、皮肤疾病、五官疾病等病症,每一病症附有详细的刮痧疗法图标以及辅助食疗方法。 | |
| 606 | 0 | @a小儿疾病@x刮搓疗法@j图解 |
| 606 | 0 | @a小儿疾病 |
| 606 | 0 | @a刮搓疗法 |
| 690 | @aR244.4-64@v5 | |
| 690 | @aR244.4@v4 | |
| 701 | 0 | @a张威@9zhang wei@4编著 |
| 801 | 0 | @aCN@bNLC@c20140429 |
| 905 | @aZUCC@dR244.4@e18 | |
| 父母会刮痧,孩子不生病/张威编著.-天津:天津科学技术出版社,2013 |
| 237页;25cm |
| 图说家庭健康自助系列 |
| ISBN 978-7-5308-8292-4:CNY45.00 |
| 本书针对现代儿童的体质,为家长们介绍了儿童刮痧的基础知识和各种常见病的具体操作方法。这些病症涉及呼吸系统、血液循环系统、消化系统、皮肤疾病、五官疾病等病症,每一病症附有详细的刮痧疗法图标以及辅助食疗方法。 |
| ● |
| 相关链接 |
|
|
|
正题名:父母会刮痧,孩子不生病
索取号:R244.4/18
 
预约/预借
| 序号 | 登录号 | 条形码 | 馆藏地/架位号 | 状态 | 备注 |
| 1 | 2000899578 | 2000899578 | 第三书库/ [索取号:R244.4/18] | 在馆 | |
| 2 | 2000899579 | 2000899579 | 第三书库/ [索取号:R244.4/18] | 在馆 | |
| 3 | 2000899580 | 2000899580 | 第三书库/ [索取号:R244.4/18] | 在馆 |